| 000 | 01193cab a2200313 4500 | ||
|---|---|---|---|
| 001 | ABS55176 | ||
| 008 | 090401t1996 xxu||||| |||| 00| 0 eng d | ||
| 035 | _a(Sirsi) u14664 | ||
| 041 | _aeng | ||
| 245 | _aEstate Times feature: Finance | ||
| 260 | _c1996 | ||
| 350 | _a0 | ||
| 490 |
_aEstates Times _v(1325) 17 May 1996, 10-14(5) |
||
| 520 | _aItems on the changing emphasis on valuation for bank loans; bankers relationship with developers; the market for property index certificates (PICs); the maximisation of tax allowances in the leisure sector; the influence German banks are having on the UK property market; how the PFI is starting to work in practice and the expertise of chartered surveyors in the PFI process. | ||
| 650 | _aBANK LENDING | ||
| 650 | _aABOUT RICS-RICS MEMBERS | ||
| 650 | _aGERMAN BANKS | ||
| 650 | _aLEISURE SECTOR | ||
| 650 | _aPFI | ||
| 650 | _aPRIVATE FINANCE INITIATIVE | ||
| 650 | _aPROPERTY DEVELOPMENT | ||
| 650 | _aPROPERTY FINANCE | ||
| 650 | _aPROPERTY INDEX CERTIFICATES | ||
| 650 | _aPROPERTY INVESTMENT | ||
| 650 | _aVALUATION ISSUES | ||
| 690 | _aPROPERTY-PROPERTY FINANCE AND INVESTMENT | ||
| 942 | _n0 | ||
| 948 | _c04/03/1997 | ||
| 999 |
_c9569 _d9569 |
||